Catechismus Concilii Tridentini Pii V, Pontificis Maximi jussu promulgatus sincerus et integer mendisque expurgatus (Registro nro. 303445)

Detalles MARC
000 -ENCABEZADO
Número de control [NR] 01848nam a22002657a 4500
005 - FECHA Y HORA DE LA ÚLTIMA TRANSACCIÓN
control field 20160517102355.0
008 - DE LONGITUD FIJA DE DATOS DE ELEMENTOS - INFORMACIÓN GENERAL
Elementos de longitud fija [NR] 160517s1878 fr |||fr|||| 001 0 lat d
040 ## - FUENTE DE CATALOGACION [NR]
Quien Cataloga Sandra Yazo
Quien Clasifica Sandra Yazo
041 0# - CODIGO DE IDIOMA [R]
Código de idioma para texto/pista de sonido o título separado [R] Latín
082 04 - NUMERO DE CLASIFICACION DECIMAL DEWEY [R]
Número de la edición [NR] 20
Número de clasificación [R] 262.52
092 ## - SIGNATURA TOPOGRAFICA LOCAL
Número de clasificación local E40N001
242 00 - TRADUCCION DEL TITULO POR LA AGENCIA CATALOGADORA [R]
Título [NR] Catecismo del Concilio de Trento promulgado por orden de Pío V, Pontífice Máximo, revisado cuidadosa y totalmente de todos los errores
Mención de responsabilidad, etc. [NR] Obra de P. D. L. H. P.
Código de idioma del título traducido [NR] spa
245 00 - MENCION DE TITULO [NR]
Título [NR] Catechismus Concilii Tridentini Pii V, Pontificis Maximi jussu promulgatus sincerus et integer mendisque expurgatus
Mención de responsabilidad, etc. [NR] Opera P. D. L. H. P.)
250 ## - MENCION DE EDICION [NR]
Mención de edición [NR] Editio Novissima [Última edición]
260 ## - PUBLICACION, DISTRIBUCION, ETC. (PIE DE IMPRENTA) [R]
Lugar de publicación, distribución, etc. [R] Parisiis [Pariís] (Francia)
Nombre del editor, distribuidor, etc. [R] Apud Roger et Chernoviz, Bibliopolas [Donde los libreros Roger y Chernoviz]
-- Typ. Pillet et Dumoulin [Tipografía de Pillet y Dumoulin]
Fecha de publicación, distribución, etc. [R] 1878
300 ## - DESCRIPCION FISICA [R]
Extensión [R] lix, 768 páginas
Dimensiones [R] 11 x 7 cm
500 ## - NOTA GENERAL [R]
Nota general [NR] Detalles físicos: Encuadernación rígida en cartón forrado en tela texturizada. Lomo con nervaduras y adornos en dorado, notoria rotura en el borde superior. Tapas con recuadros repujados. Guardas simulando papel de agua. Hoja de cortesía. Anteportada. Portada sencilla, impresa en una sola tinta. Texto en una sola columna. Notas de pie de página. Índice. Cinta para señalar la lectura. Piel del lomo, rasgada en parte superior
505 ## - NOTA DE CONTENIDO CON FORMATO PREESTABLECIDO [R]
Nota de contenido con formato preestablecido [NR] Instrucciones para hacer catequesis del Concilio en las principales fiestas del año ; Texto del Catecismo del Concilio de Trento ; Resumen y síntesis de las principales enseñanzas y disposiciones del Concilio, organizadas en cuatro libros
506 ## - NOTA DE RESTRICCIONES DE ACCESO [R]
Condiciones de acceso [NR] Consulta en sala
546 ## - NOTA DE IDIOMA [R]
Nota de idioma [NR] Texto en latín
650 #7 - ASIENTO SECUNDARIO DE MATERIA - TERMINO TEMATICO [R]
9 (RLIN) 10589
Término temático o nombre geográfico como elemento de entrada [NR] Concilios y símbolos
Subdivisión general [R] Catecismos
650 #7 - ASIENTO SECUNDARIO DE MATERIA - TERMINO TEMATICO [R]
9 (RLIN) 48900
Término temático o nombre geográfico como elemento de entrada [NR] Iglesia católica
Subdivisión de forma [R] Catecismos
690 ## - ASUNTO AGREGADO LOCAL DE ENTRADA - TÉRMINO TEMÁTICO (OCLC, RLIN)
Acceso temático local Iglesias
9 (RLIN) 17149
942 ## - ELEMENTOS DE ENTRADA AGREGADOS (KOHA)
Sistema de clasificación LOCAL
Tipo de ítem principal el descrito en 300a Libro
Edición 1
Clasificación E40N001
Existencias
Suprimido Perdido Sistema de clasificación Dañado No prestable Tipo de ítem específico Ubicación habitual Ubicación actual Localización Fecha de creación Forma de adquisición Costo Total préstamos Signatura topográfica Código de barras Última vez visto Ejemplar Price effective from Tipo de ítem
    LOCAL     Libro archivo Archivo Histórico Archivo Histórico Archivo histórico 17/05/2016 Donación 0.00   E40N001 L005651 17/05/2016 Ej.1 17/05/2016 Libro